Fr. Conceicao Rodrigues College of Engineering

T.Q.M. Theory and Practice : C-NO : 298 (Record no. 28111)

MARC details
000 -LEADER
fixed length control field 00343nam a2200145Ia 4500
082 ## - DEWEY DECIMAL CLASSIFICATION NUMBER
Classification number 658.562
Item number AICTE
100 ## - MAIN ENTRY--PERSONAL NAME
Personal name AICTE
245 ## - TITLE STATEMENT
Title T.Q.M. Theory and Practice : C-NO : 298
260 ## - PUBLICATION, DISTRIBUTION, ETC.
Name of publisher, distributor, etc. Continuing Education Programmer AICTE
Place of publication, distribution, etc. Bangalore
Date of publication, distribution, etc. 1989
300 ## - PHYSICAL DESCRIPTION
Extent 150
546 ## - LANGUAGE NOTE
Language note ENGLISH
654 ## - SUBJECT ADDED ENTRY--FACETED TOPICAL TERMS
Focus term T.Q.M.
942 ## - ADDED ENTRY ELEMENTS (KOHA)
Koha item type BOOK
Holdings
Withdrawn status Lost status Damaged status Not for loan Collection Home library Current library Date acquired Inventory number Total Checkouts Full call number Barcode Date last seen Price effective from Koha item type
        CRC Fr. Agnel's C.Rodrigues College of Engineering Fr. Agnel's C.Rodrigues College of Engineering 17/03/2023 186   658.562 AICTE 12021 17/03/2023 17/03/2023 BOOK
        CRC Fr. Agnel's C.Rodrigues College of Engineering Fr. Agnel's C.Rodrigues College of Engineering 17/03/2023     658.562 AICTE 12022 17/03/2023 17/03/2023 BOOK